• 首页
  • 本馆介绍
  • 公告通知
  • 最新文献
  • 馆藏检索
  • 电子资源
  • 读者导购
  • 参考咨询
  • 我的图书馆
  • 登录
  • 详细信息显示
  • 放入我的书架
  • 预约/预借图书
  • 作者相关作品
  • 分类相关作品
  • 丛书相关作品
  • 出版社相关作品

书目信息

  • 表格格式
  • 工作单格式
  • 卡片格式
题名:
乒乓球入门与技战术图解
    
 
作者: 陈利和 , 彭跃清 主编
分册:  
出版信息: 北京   蓝天出版社  2010
页数: 211页
开本: 23cm
丛书名:
单 册:
中图分类: G846.19
科图分类:
主题词: 乒乓球运动--运动技术--图解 , 乒乓球运动 , 运动技术
电子资源:
ISBN: 978-7-5094-0448-5
000 01007nam0 2200277 45
001 1130703406
005 20110310094539.31
010    @a978-7-5094-0448-5@dCNY21.80
100    @a20110122d2010 em y0chiy50 ea
101 0  @achi
102    @aCN@b110000
105    @aa z 000yy
106    @ar
200 1  @a乒乓球入门与技战术图解@APing Pang Qiu Ru Men Yu Ji Zhan Shu Tu Jie@dDiagrammatic explanation table tennis@f陈利和,彭跃清主编@FChen Li He, Peng Yue Qing Zhu Bian@zeng
210    @a北京@c蓝天出版社@d2010
215    @a211页@c图@d23cm
330    @a本书深入浅出地介绍了整个兵乓球的发展史和该项目的一些基本技战术,并结合详细、准确的动作图解来说明一个技巧的动作要点。
510 1  @aDiagrammatic explanation table tennis@zeng
606 0  @a乒乓球运动@x运动技术@j图解
606 0  @a乒乓球运动
606 0  @a运动技术
690    @aG846.19@v4
701  0 @a陈利和@AChen Li He@4主编
701  0 @a彭跃清@APeng Yue Qing@4主编
801  0 @aCN@bTANGWEI@c20110310
905    @b0531469-72@dG846.19@e349@f4
    
    乒乓球入门与技战术图解=Diagrammatic explanation table tennis/陈利和,彭跃清主编.-北京:蓝天出版社,2010
    211页:图;23cm
    
    
    ISBN 978-7-5094-0448-5:CNY21.80
    本书深入浅出地介绍了整个兵乓球的发展史和该项目的一些基本技战术,并结合详细、准确的动作图解来说明一个技巧的动作要点。
●
相关链接 在E读中查询图书 在五车中查询图书 在当当中查询图书 在豆瓣中查询图书


正题名:乒乓球入门与技战术图解     索取号:G846.19/349         预约/预借

序号 登录号 条形码 馆藏地/架位号 状态 备注
1 0531469   205314694   第一样本阅览室/ [索取号:G846.19/349] 在馆    
2 0531470   205314701   密集书库-体育系/ [索取号:G846.19/349] 在馆    
3 0531471   205314710   第四借阅区/ [索取号:G846.19/349] 在馆    
4 0531472   205314729   第四借阅区/ [索取号:G846.19/349] 在馆    
欢迎您!
大连网信软件有限公司© 版权所有